Fr. Conceicao Rodrigues College of Engineering

Students solution Manual Physics (Record no. 25431)

MARC details
000 -LEADER
fixed length control field 00303nam a2200145Ia 4500
082 ## - DEWEY DECIMAL CLASSIFICATION NUMBER
Classification number 530
Item number STA
100 ## - MAIN ENTRY--PERSONAL NAME
Personal name Stanley/Paul
250 ## - EDITION STATEMENT
Edition statement 5
245 ## - TITLE STATEMENT
Title Students solution Manual Physics
260 ## - PUBLICATION, DISTRIBUTION, ETC.
Name of publisher, distributor, etc. John Wiley & Sons
Date of publication, distribution, etc. 2002
490 ## - SERIES STATEMENT
Volume/sequential designation 1&2
546 ## - LANGUAGE NOTE
Language note ENGLISH
654 ## - SUBJECT ADDED ENTRY--FACETED TOPICAL TERMS
Focus term manual
942 ## - ADDED ENTRY ELEMENTS (KOHA)
Koha item type BOOK
Holdings
Withdrawn status Lost status Damaged status Not for loan Collection Home library Current library Date acquired Total Checkouts Full call number Barcode Date last seen Price effective from Koha item type
        CRC Fr. Agnel's C.Rodrigues College of Engineering Fr. Agnel's C.Rodrigues College of Engineering 17/03/2023   530 STA 13574 17/03/2023 17/03/2023 BOOK
        CRC Fr. Agnel's C.Rodrigues College of Engineering Fr. Agnel's C.Rodrigues College of Engineering 17/03/2023   530 STA 13575 17/03/2023 17/03/2023 BOOK
        CRC Fr. Agnel's C.Rodrigues College of Engineering Fr. Agnel's C.Rodrigues College of Engineering 17/03/2023   530 STA 13576 17/03/2023 17/03/2023 BOOK